Just another dead author / Katarina Bivald.
Available copies
- 2 of 2 copies available at LARL/NWRL Consortium.
Current holds
0 current holds with 2 total copies.
View other formats and editions
Show Only Available Copies
| Location | Call Number / Copy Notes | Barcode | Shelving Location | Status | Due Date |
|---|---|---|---|---|---|
| Bagley Public Library | M BIV (Text) | 33500014345102 | New | Available | - |
| Barnesville Public Library | M BIV (Text) | 33500014345110 | New | Available | - |
Record details
- ISBN: 9781464252020
- ISBN: 1464252025
- Physical Description: 373 pages : illustration ; 24 cm.
- Publisher: Naperville, Illinois : Poisoned Pen Press, an imprint of Sourcebooks, [2025]
Content descriptions
| General Note: | Translation of: Döden på Château des Livres. Translation and series information from Goodreads.com. |
| Summary, etc.: | "When mystery author Berit Gardner agrees to ... Read More |
| Language Note: | In English, translated from Swedish. |
Search for related items by subject
| Genre: | Detective and mystery fiction. Novels. Mystery fiction. FIC022030. FIC022040. Mystery fiction. Detective and mystery fiction. Novels. |
Search for related items by series
| LDR | 04596cam a2200781 i 4500 | ||
|---|---|---|---|
| 001 | 481587 | ||
| 003 | LARL_NWRL_CONSORTIUM | ||
| 005 | 20260312212230.0 | ||
| 008 | 250403s2025 ilua e 000 f eng | ||
| 010 | . | ‡a 2025013103 | |
| 040 | . | ‡aDLC ‡beng ‡erda ‡cDLC ‡dIG# ‡dYDX ‡dOCLCO ‡dRNL ‡dIVJ ‡dIJ5 ‡dYDX ‡dGL4 ‡dUAH ‡dSDD ‡dTWA ‡dMLSOD ‡dOCLCO ‡dJTH ‡dRB0 ‡dZGR | |
| 020 | . | ‡a9781464252020 ‡q(hardcover) | |
| 020 | . | ‡a1464252025 ‡q(hardcover) | |
| 020 | . | ‡z9781728295800 ‡q(electronic book) | |
| 035 | . | ‡a(OCoLC)1461995573 | |
| 041 | 1 | . | ‡aeng ‡hswe |
| 042 | . | ‡apcc | |
| 043 | . | ‡ae-fr--- | |
| 082 | 0 | 0. | ‡a839.73/8 ‡223/eng/20250403 |
| 100 | 1 | . | ‡aBivald, Katarina, ‡d1983- ‡eauthor. ‡1https://id.oclc.org/worldcat/entity/E39PBJm9brkqd9X9GhfK7yd4v3 |
| 240 | 1 | 0. | ‡aDöden på Château des Livres. ‡lEnglish ‡1http://id.loc.gov/resources/hubs/443a3fd9-380d-f13e-d220-fe623d49fb39 |
| 245 | 1 | 0. | ‡aJust another dead author / ‡cKatarina Bivald. |
| 264 | 1. | ‡aNaperville, Illinois : ‡bPoisoned Pen Press, an imprint of Sourcebooks, ‡c[2025] | |
| 300 | . | ‡a373 pages : ‡billustration ; ‡c24 cm. | |
| 336 | . | ‡atext ‡btxt ‡2rdacontent | |
| 337 | . | ‡aunmediated ‡bn ‡2rdamedia | |
| 338 | . | ‡avolume ‡bnc ‡2rdacarrier | |
| 490 | 0 | . | ‡aBerit Gardner ; ‡v2 |
| 500 | . | ‡aTranslation of: Döden på Château des Livres. | |
| 500 | . | ‡aTranslation and series information from Goodreads.com. | |
| 546 | . | ‡aIn English, translated from Swedish. | |
| 520 | . | ‡a"When mystery author Berit Gardner agrees to attend a writer's conference in the idyllic French countryside, she dreams of basking in the sun and nurturing budding talent. But her vacation takes a dark turn when the keynote speaker--a notorious literary titan known for his biting critiques--drops dead at the end of her lecture. As whispers of foul play swirl, Berit quickly realizes she's stepped into a tangled web of jealousy, betrayal, and long-held grudges. Enter the French commissaire, who is less than thrilled to have a curious author meddling in her investigation. But as the suspects pile up--each with their own motive for wanting the egotistical writer dead--she reluctantly recognizes Berit's sharp instincts could crack the case wide open. With a colorful cast of authors, agents, and aspiring writers all hiding secrets, the stakes rise higher with every clue uncovered. To make matters worse, a tenacious young journalist vows to outsmart Berit and solve the mystery first, placing herself in the killer's sights. Now, Berit must navigate a maze of deceit and danger while trying to keep the ambitious reporter safe. With time running out and the killer lurking in the shadows, can Berit unravel the truth before her own story ends in tragedy?" -- Dust jacket. | |
| 650 | 0. | ‡aWomen detectives ‡vFiction. ‡0(LARL_NWRL_CONSORTIUM)167906 | |
| 650 | 0. | ‡aVacations ‡vFiction. ‡0(LARL_NWRL_CONSORTIUM)167844 | |
| 651 | 0. | ‡aFrance ‡vFiction. ‡0(LARL_NWRL_CONSORTIUM)164962 | |
| 650 | 0. | ‡aWriters' retreats ‡vFiction. | |
| 650 | 0. | ‡aAuthors ‡xCrimes against ‡vFiction. | |
| 650 | 0. | ‡aMurder ‡xInvestigation ‡vFiction. ‡0(LARL_NWRL_CONSORTIUM)166203 | |
| 650 | 7. | ‡aFICTION / Mystery & Detective / Traditional. ‡2bisacsh | |
| 650 | 7. | ‡aFICTION / Mystery & Detective / Women Sleuths. ‡2bisacsh | |
| 650 | 7. | ‡aFICTION / Mystery & Detective / Amateur Sleuth. ‡2bisacsh | |
| 600 | 1 | 0. | ‡aBivald, Katarina, ‡d1983- ‡tDöden på Château des Livres. ‡lEnglish ‡v2. |
| 655 | 0. | ‡aDetective and mystery fiction. | |
| 655 | 0. | ‡aNovels. | |
| 655 | 0. | ‡aMystery fiction. | |
| 655 | 7. | ‡aFIC022030. ‡2bisacsh | |
| 655 | 7. | ‡aFIC022040. ‡2bisacsh | |
| 655 | 7. | ‡aMystery fiction. ‡2gsafd | |
| 655 | 7. | ‡aDetective and mystery fiction. ‡2lcgft | |
| 655 | 7. | ‡aNovels. ‡2lcgft | |
| 758 | . | ‡1http://id.loc.gov/resources/instances/24138327 | |
| 758 | . | ‡4http://id.loc.gov/ontologies/bibframe/instanceOf ‡1http://id.loc.gov/resources/works/24138327 | |
| 884 | . | ‡aDLC bibframe2marc v2.10-dev ‡g20250403 ‡qDLC ‡uhttps://github.com/lcnetdev/bibframe2marc/releases/tag/v2.10-dev | |
| 905 | . | ‡uvanderl | |
| 901 | . | ‡a481587 ‡bAUTOGEN ‡c481587 ‡tbiblio ‡soclc | |

Add to basket
Permalink
Enable Highlighting